|
|
|
|
| LEADER |
00000nab a2200000 a 4500 |
| 001 |
vtls009934129 |
| 003 |
SK-MaSNL |
| 005 |
20260304160213.0 |
| 008 |
250507 2009 xo || |||| ||slo |
| 015 |
|
|
|a SNBRB2009/07
|2 snkbucl
|
| 035 |
|
|
|a (uuid)0ba76efc-d9ed-4d73-b9ae-013f40bbd50d
|
| 035 |
|
|
|a urn:nbn:sk:snk-abeu7l
|
| 035 |
|
|
|a (urnnbn)urn:nbn:sk:snk:ar-00722g
|
| 038 |
|
|
|a SNKBUCL
|
| 040 |
|
|
|a SNKBUCL
|b slo
|c SNKBUCL
|e AACR2
|
| 041 |
0 |
|
|a slo
|
| 044 |
|
|
|a xo
|c SK
|
| 080 |
|
|
|a 636.7.082.1
|2 2001
|
| 080 |
|
|
|a 636.75
|2 2001
|
| 100 |
1 |
|
|a Babej, Marián,
|d 1964-
|4 aut
|9 466674
|
| 245 |
1 |
0 |
|a Slovenský kopov sa prispôsobil
|c Marián Babej
|
| 300 |
|
|
|b Fotogr.
|
| 650 |
0 |
7 |
|a psy
|2 snkbucl
|9 1288
|
| 650 |
0 |
7 |
|a slovenský kopov
|2 snkbucl
|9 78752
|
| 650 |
0 |
7 |
|a poľovné psy
|2 snkbucl
|9 2814
|
| 650 |
0 |
7 |
|a plemená zvierat
|2 snkbucl
|9 4381
|
| 773 |
0 |
|
|t Poľovníctvo a rybárstvo
|g Roč. 61, č. 7 (2009), s. 38
|x 0231-8768
|
| 850 |
|
|
|a Slovenská národná knižnica
|
| 852 |
|
|
|a Slovenská národná knižnica
|
| 958 |
|
|
|a article27
|
| 958 |
|
|
|a OND
|
| 999 |
|
|
|c 2965950
|d 2967880
|